| 000 | 00679cam a22002175a 4500 | ||
|---|---|---|---|
| 001 | L157478 | ||
| 008 | 121219s2012 xxk f 000 0 eng d | ||
| 020 | _a9781848062955 | ||
| 035 | _a(Sirsi) u157478 | ||
| 041 | 0 | _aeng | |
| 100 | 1 | _aLittlefair, P. | |
| 245 | 0 | 0 | _aSite layout planning for sunlight and solar gain |
| 260 |
_aWatford _bBRE _c2012 |
||
| 300 |
_a6p. _bill. _c30cm. |
||
| 490 | 0 |
_aBRE Information Paper _v(22/12) |
|
| 520 | _aExplains BRE guidance on site layout planning and addresses the provision of sunlight and access to solar energy in dense urban areas | ||
| 521 | _aAdvanced | ||
| 651 | 4 |
_aUnited Kingdom _y |
|
| 690 |
_aPlanning _9418 |
||
| 942 | _n0 | ||
| 999 |
_c114785 _d114785 |
||